000 00787nam a2200193Ia 4500
008 190511s9999 xx 000 0 und d
100 _aHepp, Johanna
245 _aInterpersonal stressors, and negative affect in individuals with borderline personality disorder and community adults in daily life: A replication and extension /
245 _cJohanna Hepp, Sean P. Lane, Andrea M. Wycoff, Ryan W. Carpenter, and Timothy J. Trull.--
260 _bAmerican Psychological Association
260 _c2018
300 _aPages 183-189, February 2018
440 _aJournal of Abnormal Psychology
_v127(2)
650 _aBorderline personality disorder
650 _aInterpersonal problems
650 _aNegative affect
650 _aRejection
856 _uwww.apa.org/pubs/journals/abn
999 _c361853
_d361853